| 000 | 01141cam a2200337 a 4500 | ||
|---|---|---|---|
| 001 | 4344507 | ||
| 003 | Nust- CAS-E | ||
| 005 | 20180118181410.0 | ||
| 008 | 890816s1990 nyua b 001 0 eng | ||
| 010 | _a 89020023 | ||
| 020 | _a0891169350 (v. 1) | ||
| 020 | _a0891169369 (v. 2) | ||
| 020 | _a1560320796 (v. 2 : pbk.) | ||
| 040 |
_aDLC _cDLC _dDLC |
||
| 050 | 0 | 0 |
_aTK9202 _b.T59 1990 |
| 082 | 0 | 0 |
_a621.483 _220 _bTOD-N 2001 |
| 100 | 1 | _aTodreas, Neil E. | |
| 245 | 1 | 0 |
_aNuclear systems / _cNeil E. Todreas, Mujid S. Kazimi. |
| 260 |
_aNew York : _bHemisphere Pub. Corp., _cc1990. |
||
| 300 |
_a2 v. : _bill. ; _c25 cm. |
||
| 502 | _a0 | ||
| 504 | _aIncludes bibliographical references and indexes. | ||
| 505 | 0 | _a1. Thermal hydraulic fundamentals -- 2. Elements of thermal hydraulic design. | |
| 650 | 0 |
_aNuclear reactors _xFluid dynamics. |
|
| 650 | 0 |
_aHeat _xTransmission. |
|
| 650 | 0 | _aNuclear power plants. | |
| 700 | 1 | _aKazimi, Mujid S. | |
| 856 | 4 | 2 |
_3Publisher description _uhttp://www.loc.gov/catdir/enhancements/fy0653/89020023-d.html |
| 906 |
_a7 _bcbc _corignew _d1 _eocip _f19 _gy-gencatlg |
||
| 942 |
_2ddc _cBK |
||
| 999 |
_c355689 _d355689 |
||